|
|
|
|
| LEADER |
00000nam0a2200000 4500 |
| 001 |
103859 |
| 005 |
20231031113803.0 |
| 010 |
|
|
|a 5887212853
|
| 010 |
|
|
|a 5-8033-0342-9
|
| 035 |
|
|
|a (RuTPU)RU\TPU\book\111963
|
| 035 |
|
|
|a RU\TPU\book\75540
|
| 090 |
|
|
|a 103859
|
| 100 |
|
|
|a 20061023d2005 km y0rusy50 ca
|
| 101 |
0 |
|
|a rus
|a eng
|
| 102 |
|
|
|a RU
|
| 105 |
|
|
|a y e 001zy
|
| 200 |
1 |
|
|a Англо-русский словарь по нефти и газу
|e около 24000 терминов, около 4000 сокращений
|f А. И. Булатов, В. В. Пальчиков
|
| 210 |
|
|
|a Москва
|c Руссо
|d 2005
|
| 215 |
|
|
|a 400 с.
|
| 320 |
|
|
|a Сокращенные обозначения: с. 7.
|
| 330 |
|
|
|a Приведены термины и выражения, относящиеся к добыче нефти и газа, бурению, промывке, креплению и цементированию нефтяных и газовых скважин, разработке нефтяных и газовых месторождений, подземной гидравлике, физике пласта, методам обработки призабойной зоны скважин. Даны термины по буровому и эксплуатационному оборудованию. Включена морская буровая терминология. В конце словаря дано приложение, которое включает список английских сокращений и таблицы. Предназначен для инженерно-технических работников буровых предприятий нефтяной и газовой промышленности, переводчиков и студентов нефтяных вузов и факультетов.
|
| 610 |
1 |
|
|a английский язык
|
| 610 |
1 |
|
|a лексика
|
| 610 |
1 |
|
|a словари
|
| 610 |
1 |
|
|a терминологические словари
|
| 610 |
1 |
|
|a нефть
|
| 610 |
1 |
|
|a газ
|
| 610 |
1 |
|
|a нефтегазодобыча
|
| 610 |
1 |
|
|a бурение
|
| 675 |
|
|
|a 553.98(038)
|v 3
|
| 675 |
|
|
|a 622.32(038)
|v 3
|
| 686 |
|
|
|a Ш143.21-43
|v LBC/SL-A
|2 rubbk
|
| 700 |
|
1 |
|a Булатов
|b А. И.
|g Анатолий Иванович
|
| 701 |
|
1 |
|a Пальчиков
|b В. В.
|g Вячеслав Викторович
|
| 801 |
|
1 |
|a RU
|b 63413507
|c 20041203
|g PSBO
|
| 801 |
|
2 |
|a RU
|b 63413507
|c 20110909
|g PSBO
|
| 942 |
|
|
|c BK
|